Statistics for Country Shapes in the World Map #4

Click here to take the quiz!

General Stats

  • This quiz has been taken 40,691 times
  • The average score is 18 of 20

Answer Stats

Country % Correct
United States
100%
France
99%
Argentina
99%
Egypt
97%
Peru
96%
South Korea
96%
Morocco
94%
Ukraine
94%
Iraq
92%
Philippines
92%
Malaysia
89%
Czech Republic
88%
Niger
84%
Serbia
82%
Bhutan
82%
Kenya
82%
Turkmenistan
79%
Zimbabwe
78%
Guinea
69%
Gabon
67%

Score Distribution

Percentile by Number Answered

Percent of People with Each Score

Your Score History

You have not taken this quiz